Central Library OPAC University of Rajshahi

দুর্গেশনন্দিনী / (Record no. 37762)

MARC details
000 -LEADER
fixed length control field 01292nam a2200253 a 4500
001 - CONTROL NUMBER
control field 37762
003 - CONTROL NUMBER IDENTIFIER
rucl marc code BD-RjUL
005 - DATE AND TIME OF LATEST TRANSACTION
control field 20211209052641.0
008 - FIXED-LENGTH DATA ELEMENTS--GENERAL INFORMATION
fixed length control field 150624s1951 ii 000 0bben
035 ## - SYSTEM CONTROL NUMBER
System control number (BD-RjUL)37866
040 ## - CATALOGING SOURCE
Original cataloging agency BD-RjUL
Transcribing agency BD-RjUL
Modifying agency BD-RjUL
Language of cataloging ben
041 ## - LANGUAGE CODE
Language code of text/sound track or separate title ben
082 04 - DEWEY DECIMAL CLASSIFICATION NUMBER
Classification number 891.443
Author mark and year CHD 1951
100 ## - MAIN ENTRY--PERSONAL NAME
Personal name চট্টোপাধ্যায়, বঙ্কিমচন্দ্র
9 (RLIN) 116961
245 ## - TITLE STATEMENT
Title দুর্গেশনন্দিনী /
Statement of responsibility, etc. বঙ্কিমচন্দ্র চট্টোপাধ্যায় ; সম্পাদক শ্রীব্রজেন্দ্রনাথ বন্দ্যোপাধ্যায়, শ্রীসজনীকান্ত দাস.
250 ## - EDITION STATEMENT
Edition statement ২য় সং.
260 ## - PUBLICATION, DISTRIBUTION, ETC. (IMPRINT)
Place of publication, distribution, etc. কলিকাতা :
Name of publisher, distributor, etc. বঙ্গীয়-সাহিত্য-পরিষৎ,
Date of publication, distribution, etc. ১৯৫১.
300 ## - PHYSICAL DESCRIPTION
Pagination ১৪৬ পৃ. ;
Size ২৪ সেমি.
650 ## - SUBJECT ADDED ENTRY--TOPICAL TERM
Topical term or geographic name as entry element বাংলা সাহিত্য
Form subdivision উপন্যাস
9 (RLIN) 116625
Topical term or geographic name as entry element Bengali literature
Form subdivision Novels
9 (RLIN) 116939
700 ## - ADDED ENTRY--PERSONAL NAME
Personal name বন্দ্যোপাধ্যায়, শ্রীব্রজেন্দ্রনাথ
Personal name দাস, শ্রীসজনীকান্ত
942 ## - ADDED ENTRY ELEMENTS (KOHA)
Source of classification or shelving scheme Dewey Decimal Classification
Koha item type Books
Holdings
Lost status Source of classification or shelving scheme Damaged status Not for loan Permanent Location Current Location Shelving location Date acquired Source of acquisition Cost, normal purchase price Total Checkouts Full call number Date last seen Date checked out Copy number Koha item type
  Dewey Decimal Classification     Central Library, University of Rajshahi Central Library, University of Rajshahi   17/10/1955 Mokurrum Pub. 10.20 24 B 891.443 CHD 1951 13/11/2025 27/08/2025 C-2 Books
  Dewey Decimal Classification     Central Library, University of Rajshahi Central Library, University of Rajshahi   22/11/1962 Kamala book   25 B 891.443 CHD 1951 28/05/2024 15/05/2024 C-3 Books